000 00697nam a22002297a 4500
999 _c2225
_d2225
003 AR-CdUCM
008 190304b ||||| |||| 00| 0 spa d
040 _aMUNICIPALIDAD PROVINCIAL DEL CUSCO
_cBIBLIOTECA MUNICIPAL DEL CUSCO
041 _heng
082 _a818.4 /
_bM32
100 _aMay Alcott, Luisa
_98013
245 _aLas Cinco Mejores Obras /
260 _aBarcelona :
_bMateu.
300 _a841páginas
_c25cm
440 _aColección Las Cinco Mejores Obras
_98014
505 _aNovela
650 _aLiteratura Estadounidense
_98015
650 _aLiteratura finales del siglo XX
_98016
700 _aScholz, Víctor (traductor)
_98017
942 _2ddc
_cLIBROS
945 _anom